INDIAN JOURNAL OF BIOCHEMISTRY AND BIOPHYSICS (Record no. 1083)
[ view plain ]
| 000 -LEADER | |
|---|---|
| fixed length control field | 00513nam a2200157Ia 4500 |
| 022 ## - INTERNATIONAL STANDARD SERIAL NUMBER | |
| ISSN | 0301-1208 |
| 245 #0 - TITLE STATEMENT | |
| Title | INDIAN JOURNAL OF BIOCHEMISTRY AND BIOPHYSICS |
| 247 ## - FORMER TITLE | |
| Title | Indian Journal of Biochemistry |
| 260 ## - PUBLICATION, DISTRIBUTION, ETC. (IMPRINT) | |
| Name of publisher | Council of scientific and industrial research, New Delhi |
| Place of publication | India |
| 310 ## - CURRENT PUBLICATION FREQUENCY | |
| Current publication frequency | BM |
| 500 ## - GENERAL NOTE | |
| General note | Ending Volume & Year: 37, 2000 |
| 500 ## - GENERAL NOTE | |
| General note | Missing Volume: 19;24(5);27(3);32(2);37(5) |
| 500 ## - GENERAL NOTE | |
| General note | Starting Volume & Year: 8, 1971 |
| 942 ## - ADDED ENTRY ELEMENTS (KOHA) | |
| Koha item type | Bound Journal |
| Withdrawn status | Lost status | Damaged status | Not for loan | Home library | Current library | Date acquired | Accession Number | Koha item type |
|---|---|---|---|---|---|---|---|---|
| Bound journals | RRII Library | RRII Library | 31/12/2021 | 01073J | Bound Journal |